Online katalóg knižníc regiónu Turca

Muž hľadá more (Record no. 22816)

MARC details
000 -LEADER
fixed length control field 01003cam a2200349 a 4500
001 - CONTROL NUMBER
control field 22816
003 - CONTROL NUMBER IDENTIFIER
control field SK-KTurca
005 - DATE AND TIME OF LATEST TRANSACTION
control field 20260428150823.0
008 - FIXED-LENGTH DATA ELEMENTS--GENERAL INFORMATION
fixed length control field 240311s1984 xo gr 000 p slo
015 ## - NATIONAL BIBLIOGRAPHY NUMBER
National bibliography number SNBA1985/01
020 ## - INTERNATIONAL STANDARD BOOK NUMBER
Qualifying information (viazané)
035 ## - SYSTEM CONTROL NUMBER
System control number SNK000036057
035 ## - SYSTEM CONTROL NUMBER
System control number 1C7BFC7C-FB23-4FEC-804D-30E0281ABBFF
035 ## - SYSTEM CONTROL NUMBER
System control number urn:nbn:sk:snk-am00iew9
040 ## - CATALOGING SOURCE
Original cataloging agency SNK
Language of cataloging slo
Transcribing agency SNK
Description conventions AACR2
041 0# - LANGUAGE CODE
Language code of text/sound track or separate title slo
044 ## - COUNTRY OF PUBLISHING/PRODUCING ENTITY CODE
MARC country code xo
ISO country code SK
072 #7 - SUBJECT CATEGORY CODE
Subject category code 821.162.4-1
Subject category code subdivision Slovenská poézia
Source konspekt
080 ## - UNIVERSAL DECIMAL CLASSIFICATION NUMBER
Universal Decimal Classification number 885.4-1
Edition identifier 1997
080 ## - UNIVERSAL DECIMAL CLASSIFICATION NUMBER
Universal Decimal Classification number 821.162.4-1
Edition identifier 2011
100 1# - MAIN ENTRY--PERSONAL NAME
Personal name Hevier, Daniel,
Dates associated with a name 1955-
Relationship aut
245 10 - TITLE STATEMENT
Title Muž hľadá more
Statement of responsibility, etc. Daniel Hevier
250 ## - EDITION STATEMENT
Edition statement 1. vyd.
260 ## - PUBLICATION, DISTRIBUTION, ETC.
Place of publication, distribution, etc. Bratislava
Name of publisher, distributor, etc. Slovenský spisovateľ
Date of publication, distribution, etc. 1984
Place of manufacture Banská Bystrica
Manufacturer Tlačiarne SNP
300 ## - PHYSICAL DESCRIPTION
Extent 86 strán
Dimensions 23 cm
366 ## - TRADE AVAILABILITY INFORMATION
Note 2200 výtl.
490 1# - SERIES STATEMENT
Series statement Nová poézia
655 #7 - INDEX TERM--GENRE/FORM
Genre/form data or focus term slovenská poézia
Source of term SNKPH
830 #0 - SERIES ADDED ENTRY--UNIFORM TITLE
Uniform title Nová poézia
942 ## - ADDED ENTRY ELEMENTS (KOHA)
Source of classification or shelving scheme Dewey Decimal Classification
Koha item type Krásna literatúra pre dospelých
Suppress in OPAC No
Holdings
Stav vyradenia Strata Poškodenie Spôsob nadobudnutia Domovská knižnica Aktuálna knižnica Dátum nadobudnutia Total checkouts Čiarový kód exemplára Date last seen Typ exemplára
      Dar Obecná knižnica Horná Štubňa Obecná knižnica Horná Štubňa 28.04.2026   4736200705 28.04.2026 Krásna literatúra pre dospelých
Projekt je podporený Slovenskou asociáciou knižníc
Prevádzkuje Turčianska knižnica Martin 2026